Advanced cost accounting and cost systems : with problems & solutions
| Main Author: | Kishore, Ravi M |
|---|---|
| Published: |
New Delhi:
Taxmann Allied Services Pvt. Ltd.,
2000.
|
| Subjects: |
| LEADER | 00557cam a2200157 7i4500 | ||
|---|---|---|---|
| 001 | 0000044797 | ||
| 005 | 20170218090000.0 | ||
| 020 | |a 8174962859 (pbk.) | ||
| 090 | 0 | 0 | |a HF5686.C8 |b K58 2000 |
| 100 | 1 | |a Kishore, Ravi M | |
| 245 | 1 | 0 | |a Advanced cost accounting and cost systems : |b with problems & solutions |c Ravi M. Kishore. |
| 260 | |a New Delhi: |b Taxmann Allied Services Pvt. Ltd., |c 2000. | ||
| 300 | |a 1v. (various paging); |c 24 cm. | ||
| 650 | 0 | 0 | |a Cost accounting |
| 997 | |a Business & Accountancy, Faculty | ||
| 999 | |a 0000053850 |b BOK |c OPEN SHELF |e 1st Floor, Shah Alam | ||


